000 00595nam a22002177a 4500
003 OSt
005 20220107122733.0
008 140222b xxu||||| |||| 00| 0 eng d
020 _a9780198066231
040 _cIIITM-K
082 _a005.73C++ PAT/D
100 _aPatil, Varsha H
_93156
245 _aData structures using C++
_cby Varsha H Patil
260 _aNew Delhi,
_bOxford University Press,
_c2012.
300 _axvi, 803p.
650 _aCOMPUTER SCIENCE
_93157
650 _aDATA STRUCTURES
_93158
650 _aALGORITHMS
_93159
650 _aC++ PROGRAMMING
_93591
942 _2ddc
_cBK
999 _c3701
_d3701